[Event "Tradewise Gibraltar Masters 16th"]
[Site "Gibraltar"]
[Date "2018.01.29"]
[Round "7.75"]
[White "Cholleti, Sahajasri"]
[Black "Wallace, John Paul"]
[Result "0-1"]
[WhiteElo "2083"]
[BlackElo "2415"]
[PlyCount "60"]
[EventDate "2018.01.23"]
[EventType "swiss"]
[EventRounds "10"]
[EventCountry "GGB"]
[SourceTitle "BritBase"]
[Source "www.saund.co.uk"]
[SourceDate "2018.02.10"]
[SourceVersion "1"]
[SourceVersionDate "2018.02.10"]
[SourceQuality "1"]

1. Nf3 f5 2. d4 Nf6 3. c4 g6 4. g3 Bg7 5. Bg2 O-O 6. O-O d6 7. Nc3 c6 8. Qc2
Na6 9. a3 Nh5 10. e4 f4 11. b4 e5 12. dxe5 dxe5 13. c5 Bg4 14. Bb2 Qe7 15. Rad1
Nc7 16. Ne2 Rf7 17. h3 Bxf3 18. Bxf3 Raf8 19. g4 Nf6 20. Rd3 Nfe8 21. Rfd1 Ne6
22. Kg2 N8c7 23. Qc4 Kh8 24. Rd6 Ng5 25. Ng1 Nb5 26. h4 Nxd6 27. Rxd6 Nxf3 28.
Nxf3 Qe8 29. Ng5 Re7 30. Ne6 Qf7 0-1

[Event "Tradewise Gibraltar Masters 16th"]
[Site "Gibraltar"]
[Date "2018.01.29"]
[Round "7.76"]
[White "Berrocal Ruiz, Valentin"]
[Black "Sukandar, Irine Kharisma"]
[Result "1/2-1/2"]
[WhiteElo "2068"]
[BlackElo "2387"]
[PlyCount "92"]
[EventDate "2018.01.23"]
[EventType "swiss"]
[EventRounds "10"]
[EventCountry "GGB"]
[SourceTitle "BritBase"]
[Source "www.saund.co.uk"]
[SourceDate "2018.02.10"]
[SourceVersion "1"]
[SourceVersionDate "2018.02.10"]
[SourceQuality "1"]

1. Nf3 Nf6 2. b3 d5 3. Bb2 c5 4. e3 e6 5. Be2 Nc6 6. O-O Bd6 7. d4 O-O 8. c4
cxd4 9. Nxd4 Nxd4 10. Qxd4 e5 11. Qh4 Be6 12. Nc3 dxc4 13. Bxc4 Bxc4 14. Qxc4
Rc8 15. Qe2 Qe7 16. Rfd1 Qe6 17. Rac1 a6 18. Qd3 Rfd8 19. Ne4 Rxc1 20. Bxc1
Nxe4 21. Qxe4 Qe7 22. h3 h6 23. Bb2 Rc8 24. Qd5 Rc6 25. Rc1 Rxc1+ 26. Bxc1 Qc7
27. Bb2 Kf8 28. Qd3 Qc6 29. Bc3 Ke7 30. e4 Ke6 31. Qf3 f6 32. Qd3 b5 33. Bd2
Ke7 34. Qg3 Kf7 35. Qd3 Bc7 36. Qc3 Qd6 37. Be3 Ke6 38. Qc5 Kd7 39. Qxd6+ Bxd6
40. Kf1 Kc6 41. Ke2 Bc5 42. Kd3 Bb4 43. Bd2 Kc5 44. Be3+ Kc6 45. Bd2 Kc5 46.
Be3+ Kc6 1/2-1/2

[Event "Tradewise Gibraltar Masters 16th"]
[Site "Gibraltar"]
[Date "2018.01.29"]
[Round "7.77"]
[White "Bellahcene, Bilel"]
[Black "Midonet, Matthieu"]
[Result "1-0"]
[WhiteElo "2494"]
[BlackElo "2213"]
[PlyCount "113"]
[EventDate "2018.01.23"]
[EventType "swiss"]
[EventRounds "10"]
[EventCountry "GGB"]
[SourceTitle "BritBase"]
[Source "www.saund.co.uk"]
[SourceDate "2018.02.10"]
[SourceVersion "1"]
[SourceVersionDate "2018.02.10"]
[SourceQuality "1"]

1. b3 d5 2. Bb2 Nf6 3. e3 e6 4. f4 c5 5. Nf3 Nc6 6. Bb5 Bd7 7. O-O Be7 8. d3 a6
9. Bxc6 Bxc6 10. Ne5 Rc8 11. Nd2 O-O 12. a4 b6 13. Rf3 Nd7 14. Rh3 Nxe5 15. Qh5
h6 16. Bxe5 Bf6 17. Rg3 Kh8 18. Nf3 Be8 19. Qg4 Rg8 20. Rd1 b5 21. axb5 axb5
22. Rf1 Ra8 23. f5 Bxe5 24. Nxe5 Qf6 25. d4 Ra2 26. fxe6 Qxe6 27. Qxe6 fxe6 28.
dxc5 Rxc2 29. b4 Bh5 30. Rh3 Be2 31. Ra1 Kh7 32. Rh4 Rf8 33. Nc6 Bd3 34. Nd4
Rb2 35. Nxe6 Rff2 36. Rg4 g5 37. Nd4 Be4 38. c6 Rxg2+ 39. Rxg2 Bxg2 40. c7 Bh3
41. Rc1 Rxb4 42. c8=Q Bxc8 43. Rxc8 Kg6 44. Rc6+ Kh5 45. Kg2 g4 46. Kg3 Rb1 47.
Rd6 Rg1+ 48. Kf2 Ra1 49. Kg2 Re1 50. Rxd5+ Kg6 51. Kf2 Rh1 52. Kg3 h5 53. Rxb5
Rg1+ 54. Kh4 Rg2 55. Rb6+ Kf7 56. Kxh5 Rxh2+ 57. Kxg4 1-0

[Event "Tradewise Gibraltar Masters 16th"]
[Site "Gibraltar"]
[Date "2018.01.29"]
[Round "7.78"]
[White "Semprun Martinez, Fernando"]
[Black "Cawdery, Daniel"]
[Result "0-1"]
[WhiteElo "2209"]
[BlackElo "2446"]
[PlyCount "64"]
[EventDate "2018.01.23"]
[EventType "swiss"]
[EventRounds "10"]
[EventCountry "GGB"]
[SourceTitle "BritBase"]
[Source "www.saund.co.uk"]
[SourceDate "2018.02.10"]
[SourceVersion "1"]
[SourceVersionDate "2018.02.10"]
[SourceQuality "1"]

1. e4 c5 2. Nf3 Nc6 3. d4 cxd4 4. Nxd4 e5 5. Nb5 a6 6. Nd6+ Bxd6 7. Qxd6 Qe7 8.
Qd1 Nf6 9. Nc3 d6 10. Bg5 Be6 11. Nd5 Bxd5 12. exd5 Nb8 13. Be2 Nbd7 14. O-O
O-O 15. c4 h6 16. Be3 Nh7 17. f4 f5 18. c5 exf4 19. Bxf4 Nxc5 20. Re1 Ne4 21.
Rc1 Nhf6 22. Qb3 Rac8 23. Bc4 g5 24. Be3 Qe5 25. h3 g4 26. Bxh6 f4 27. hxg4
Qd4+ 28. Kh2 Nxg4+ 29. Kh3 Nef2+ 30. Kh4 Qf6+ 31. Bg5 Qh8+ 32. Bh6 Qxh6# 0-1

[Event "Tradewise Gibraltar Masters 16th"]
[Site "Gibraltar"]
[Date "2018.01.29"]
[Round "7.79"]
[White "Pein, Jonathan"]
[Black "Docx, Stefan"]
[Result "1/2-1/2"]
[WhiteElo "2153"]
[BlackElo "2442"]
[PlyCount "71"]
[EventDate "2018.01.23"]
[EventType "swiss"]
[EventRounds "10"]
[EventCountry "GGB"]
[SourceTitle "BritBase"]
[Source "www.saund.co.uk"]
[SourceDate "2018.02.10"]
[SourceVersion "1"]
[SourceVersionDate "2018.02.10"]
[SourceQuality "1"]

1. e4 e5 2. Nf3 Nc6 3. Bb5 a6 4. Ba4 Nf6 5. O-O b5 6. Bb3 Bb7 7. d3 Be7 8. Nc3
O-O 9. Nd5 Na5 10. Nxe7+ Qxe7 11. Nh4 Nxb3 12. Nf5 Qe6 13. axb3 d5 14. f3 Ne8
15. Be3 d4 16. Bd2 Nd6 17. Nxd6 Qxd6 18. Qe2 c5 19. f4 f5 20. exf5 Rae8 21.
fxe5 Rxe5 22. Qg4 Qc6 23. Rae1 h5 24. Qg5 Rexf5 25. Rxf5 Rxf5 26. Re8+ Qxe8 27.
Qxf5 Qe2 28. Qf2 Qd1+ 29. Qe1 Qg4 30. Qf2 Qg6 31. Bf4 Bc8 32. Qg3 Qxg3 33. Bxg3
Bg4 34. Bd6 Bd1 35. Bxc5 Bxc2 36. b4 1/2-1/2

[Event "Tradewise Gibraltar Masters 16th"]
[Site "Gibraltar"]
[Date "2018.01.29"]
[Round "7.80"]
[White "Shachar, Ehud"]
[Black "Longa Yauca, Javier"]
[Result "1/2-1/2"]
[WhiteElo "2401"]
[BlackElo "2198"]
[PlyCount "108"]
[EventDate "2018.01.23"]
[EventType "swiss"]
[EventRounds "10"]
[EventCountry "GGB"]
[SourceTitle "BritBase"]
[Source "www.saund.co.uk"]
[SourceDate "2018.02.10"]
[SourceVersion "1"]
[SourceVersionDate "2018.02.10"]
[SourceQuality "1"]

1. e4 e6 2. d4 d5 3. e5 c5 4. c3 Nc6 5. Nf3 Qb6 6. a3 a5 7. Bd3 Bd7 8. Bc2 Nh6
9. O-O cxd4 10. cxd4 Nf5 11. Bxf5 exf5 12. Nc3 Be6 13. Na4 Qa7 14. Be3 Be7 15.
h4 h6 16. h5 O-O 17. Rc1 Kh7 18. Rc3 Rfc8 19. Qb3 f4 20. Bc1 Nxd4 21. Nxd4 Qxd4
22. Nb6 Qxe5 23. Rxc8 Rxc8 24. Nxc8 Bxc8 25. Rd1 Be6 26. Qf3 Bd6 27. b3 b5 28.
Bd2 b4 29. axb4 axb4 30. Bc1 Kg8 31. Kf1 d4 32. Bb2 Bd5 33. Bxd4 Qg5 34. Qh3 f3
35. gxf3 Bxb3 36. Qc8+ Kh7 37. Bxg7 Qb5+ 38. Kg2 Qg5+ 39. Kf1 Kxg7 40. Rxd6
Qb5+ 41. Kg2 Qxh5 42. Qg4+ Qxg4+ 43. fxg4 Bc2 44. Rb6 b3 45. Kg3 Bd1 46. Kf4
Bc2 47. Ke3 f6 48. Kf4 Kg6 49. f3 h5 50. Rb7 hxg4 51. fxg4 Kh6 52. Rb6 Kg7 53.
g5 fxg5+ 54. Kxg5 Kf7 1/2-1/2

[Event "Tradewise Gibraltar Masters 16th"]
[Site "Gibraltar"]
[Date "2018.01.29"]
[Round "7.81"]
[White "Francois-Haugrin, Said"]
[Black "Reuben, Stewart"]
[Result "1/2-1/2"]
[WhiteElo "1714"]
[BlackElo "2045"]
[PlyCount "90"]
[EventDate "2018.01.23"]
[EventType "swiss"]
[EventRounds "10"]
[EventCountry "GGB"]
[SourceTitle "BritBase"]
[Source "www.saund.co.uk"]
[SourceDate "2018.02.10"]
[SourceVersion "1"]
[SourceVersionDate "2018.02.10"]
[SourceQuality "1"]

1. e4 c5 2. Nf3 Nc6 3. Bb5 d6 4. Bxc6+ bxc6 5. d4 Nf6 6. Qd3 cxd4 7. Nxd4 c5 8.
Nf3 Qb6 9. O-O c4 10. Qe2 c3 11. bxc3 Ba6 12. c4 Rc8 13. Na3 Qb4 14. e5 Nd5 15.
exd6 Qxd6 16. Qe4 Nb6 17. Nb5 Bxb5 18. cxb5 Qd5 19. Qxd5 Nxd5 20. Nd4 Rc4 21.
Rd1 Nc3 22. Be3 Nxd1 23. Rxd1 Rc7 24. Nc6 Rd7 25. Rb1 e6 26. Bxa7 Bd6 27. c4
O-O 28. c5 Rxa7 29. Nxa7 Bxc5 30. Nc6 Bb6 31. Kf1 Ra8 32. Ra1 Ra3 33. Ke2 Kf8
34. f3 Ke8 35. Kd2 Kd7 36. Ne5+ Kc7 37. Nxf7 Bd4 38. Rc1+ Kb6 39. Rc2 Kxb5 40.
Nd6+ Ka6 41. Rc6+ Ka5 42. Nc4+ Kb5 43. Nxa3+ Kxc6 44. Kd3 Kd5 45. Nb5 Bb6
1/2-1/2

[Event "Tradewise Gibraltar Masters 16th"]
[Site "Gibraltar"]
[Date "2018.01.29"]
[Round "7.82"]
[White "Villar Reymundo, Juan Antonio"]
[Black "Renman, Nils-Gustaf"]
[Result "0-1"]
[WhiteElo "2121"]
[BlackElo "2350"]
[PlyCount "76"]
[EventDate "2018.01.23"]
[EventType "swiss"]
[EventRounds "10"]
[EventCountry "GGB"]
[SourceTitle "BritBase"]
[Source "www.saund.co.uk"]
[SourceDate "2018.02.10"]
[SourceVersion "1"]
[SourceVersionDate "2018.02.10"]
[SourceQuality "1"]

1. d4 d5 2. c4 c6 3. cxd5 cxd5 4. Nc3 Nf6 5. Bf4 Nc6 6. e3 a6 7. Bd3 e6 8. Rc1
Be7 9. h3 Bd7 10. Nf3 O-O 11. O-O g6 12. Qe2 Rc8 13. Rfd1 Nh5 14. Bh2 f5 15.
Ne5 Nxe5 16. Bxe5 Bc6 17. Rc2 Bd6 18. Bxd6 Qxd6 19. f4 Rc7 20. Rdc1 Rfc8 21.
Qd1 Nf6 22. Qe1 Kg7 23. Qd2 Kf7 24. Be2 h6 25. Bf3 g5 26. g3 Rg8 27. Bg2 Kg7
28. Kf2 Kh8 29. Rg1 Rcg7 30. Ke1 gxf4 31. gxf4 Bb5 32. Kd1 Ne4 33. Nxe4 dxe4
34. Rc5 b6 35. Rc3 Bd3 36. Qf2 Rg3 37. Kd2 Qd7 38. Rcc1 Qg7 0-1

[Event "Tradewise Gibraltar Masters 16th"]
[Site "Gibraltar"]
[Date "2018.01.29"]
[Round "7.83"]
[White "Lombaers, Peter"]
[Black "Van Zyl-Rudd, Jack"]
[Result "1-0"]
[WhiteElo "2345"]
[BlackElo "2197"]
[PlyCount "105"]
[EventDate "2018.01.23"]
[EventType "swiss"]
[EventRounds "10"]
[EventCountry "GGB"]
[SourceTitle "BritBase"]
[Source "www.saund.co.uk"]
[SourceDate "2018.02.10"]
[SourceVersion "1"]
[SourceVersionDate "2018.02.10"]
[SourceQuality "1"]

1. c4 e6 2. g3 Nf6 3. Bg2 d5 4. Nf3 Be7 5. O-O O-O 6. b3 b6 7. Bb2 Bb7 8. e3
Nbd7 9. Nc3 a5 10. Qc2 Nc5 11. d4 Nce4 12. Nxe4 Nxe4 13. Ne5 a4 14. Rac1 Bd6
15. f3 axb3 16. axb3 Nf6 17. c5 bxc5 18. dxc5 Bxe5 19. Bxe5 Ba6 20. Rfd1 Nd7
21. Bb2 c6 22. e4 Bb5 23. Bh3 Qg5 24. f4 Qh5 25. Bg2 Ra2 26. exd5 exd5 27. Qc3
Nf6 28. Re1 Qf5 29. Rcd1 Re8 30. h3 h6 31. Rxe8+ Nxe8 32. Qe5 Qxe5 33. Bxe5 Ra3
34. Ra1 Rxb3 35. Ra8 f6 36. Bd6 Re3 37. Kf2 Re2+ 38. Kf3 Kf7 39. Bf1 Re4 40.
Ra7+ Kg8 41. Bxb5 cxb5 42. Rb7 Re6 43. Rb8 Kf7 44. f5 Re1 45. Rb7+ Kg8 46. Rxb5
Rf1+ 47. Kg2 Rc1 48. Rb8 Kf7 49. Rb7+ Kg8 50. Re7 Nxd6 51. cxd6 Kf8 52. Rc7 Re1
53. Rc8+ 1-0

[Event "Tradewise Gibraltar Masters 16th"]
[Site "Gibraltar"]
[Date "2018.01.29"]
[Round "7.84"]
[White "Bellin, Robert"]
[Black "Gonzalez Gonzalez, Alfonso"]
[Result "1/2-1/2"]
[WhiteElo "2343"]
[BlackElo "2192"]
[PlyCount "80"]
[EventDate "2018.01.23"]
[EventType "swiss"]
[EventRounds "10"]
[EventCountry "GGB"]
[SourceTitle "BritBase"]
[Source "www.saund.co.uk"]
[SourceDate "2018.02.10"]
[SourceVersion "1"]
[SourceVersionDate "2018.02.10"]
[SourceQuality "1"]

1. Nf3 Nf6 2. e3 g6 3. b3 Bg7 4. Bb2 c5 5. c4 O-O 6. Be2 Nc6 7. O-O d5 8. cxd5
Qxd5 9. Nc3 Qd8 10. Bb5 Nb4 11. d4 cxd4 12. Nxd4 Bg4 13. Be2 h5 14. a3 Nbd5 15.
Nxd5 Qxd5 16. f3 Bd7 17. Bc4 Qg5 18. f4 Qh4 19. Nf3 Qg4 20. h3 Qg3 21. f5 Bc6
22. Be5 Bxf3 23. Bxg3 Bxd1 24. Raxd1 g5 25. Rd4 Rac8 26. e4 h4 27. Bf2 Rc5 28.
Re1 Re5 29. Bd3 Rc8 30. Ra4 Rd8 31. Bb1 a5 32. Bb6 Ra8 33. Bd4 Rb5 34. b4 Nh5
35. Bc5 Rd8 36. Bxe7 Bd4+ 37. Kh2 Be5+ 38. Kg1 Bd4+ 39. Kh2 Be5+ 40. Kg1 Bd4+
1/2-1/2

[Event "Tradewise Gibraltar Masters 16th"]
[Site "Gibraltar"]
[Date "2018.01.29"]
[Round "7.85"]
[White "Jessel, Stephen"]
[Black "Bendayan Claros, Aaron"]
[Result "1/2-1/2"]
[WhiteElo "2342"]
[BlackElo "2191"]
[PlyCount "67"]
[EventDate "2018.01.23"]
[EventType "swiss"]
[EventRounds "10"]
[EventCountry "GGB"]
[SourceTitle "BritBase"]
[Source "www.saund.co.uk"]
[SourceDate "2018.02.10"]
[SourceVersion "1"]
[SourceVersionDate "2018.02.10"]
[SourceQuality "1"]

1. Nf3 Nf6 2. c4 e6 3. g3 d5 4. Bg2 Be7 5. O-O O-O 6. b3 c5 7. e3 Nc6 8. Bb2 d4
9. exd4 cxd4 10. Re1 Ne8 11. Ne5 Nxe5 12. Rxe5 f6 13. Re1 e5 14. Ba3 Nd6 15. d3
Rb8 16. Nd2 Qa5 17. Bxd6 Bxd6 18. Bd5+ Kh8 19. a3 Qd8 20. b4 b5 21. Qf3 a6 22.
Nb3 f5 23. Na5 Bd7 24. c5 Bc7 25. Nc6 Bxc6 26. Bxc6 Qf6 27. Bd5 g5 28. Ra2 g4
29. Qg2 Qg5 30. Qf1 Rf6 31. Qg2 Rbf8 32. Rae2 e4 33. Rd1 e3 34. f4 1/2-1/2

[Event "Tradewise Gibraltar Masters 16th"]
[Site "Gibraltar"]
[Date "2018.01.29"]
[Round "7.86"]
[White "Osuna Vega, Enrique"]
[Black "Gara, Ticia"]
[Result "0-1"]
[WhiteElo "2102"]
[BlackElo "2331"]
[PlyCount "72"]
[EventDate "2018.01.23"]
[EventType "swiss"]
[EventRounds "10"]
[EventCountry "GGB"]
[SourceTitle "BritBase"]
[Source "www.saund.co.uk"]
[SourceDate "2018.02.10"]
[SourceVersion "1"]
[SourceVersionDate "2018.02.10"]
[SourceQuality "1"]

1. c4 g6 2. Nf3 Bg7 3. g3 c5 4. Bg2 Nc6 5. O-O e6 6. d3 Nge7 7. Nc3 O-O 8. Bd2
d6 9. a3 b6 10. Rb1 Bb7 11. e3 Qd7 12. Ne2 d5 13. Qc2 e5 14. Rbd1 Rad8 15. Bc3
d4 16. exd4 cxd4 17. Bd2 e4 18. Ne1 Ne5 19. Nc1 Nf3+ 20. Kh1 Nxd2 21. Qxd2 e3
22. fxe3 dxe3 23. Qe2 Nf5 24. b3 Nd4 25. Qxe3 Nf5 26. Rxf5 Bxg2+ 27. Kxg2 Qxf5
28. Qf3 Qe5 29. Nc2 Qb2 30. Qf2 Bh6 31. Ne3 Qxa3 32. d4 Rfe8 33. Ng4 Bxc1 34.
Nf6+ Kg7 35. Nxe8+ Rxe8 36. Qc2 Qb2 0-1

[Event "Tradewise Gibraltar Masters 16th"]
[Site "Gibraltar"]
[Date "2018.01.29"]
[Round "7.87"]
[White "Horvath, Dominik"]
[Black "Sahl, Sheila Barth"]
[Result "0-1"]
[WhiteElo "2329"]
[BlackElo "2178"]
[PlyCount "120"]
[EventDate "2018.01.23"]
[EventType "swiss"]
[EventRounds "10"]
[EventCountry "GGB"]
[SourceTitle "BritBase"]
[Source "www.saund.co.uk"]
[SourceDate "2018.02.10"]
[SourceVersion "1"]
[SourceVersionDate "2018.02.10"]
[SourceQuality "1"]

1. Nf3 d5 2. c4 d4 3. b4 g5 4. h3 h6 5. g3 c5 6. bxc5 Nc6 7. d3 e5 8. Bg2 Bxc5
9. O-O Nf6 10. Ba3 Bxa3 11. Nxa3 O-O 12. Rb1 Rb8 13. Nc2 Bf5 14. Nb4 Qd6 15.
Qa4 Ne7 16. Qxa7 Nd7 17. Nd2 Nc8 18. Qa3 Ncb6 19. Qc1 Na4 20. Nd5 Nf6 21. Rb5
Bd7 22. Nxf6+ Qxf6 23. Rb3 Bc6 24. Nb1 Ra8 25. Kh2 Ra5 26. Qd2 Rfa8 27. a3 Nc5
28. Rb6 Qd8 29. Rb4 Kg7 30. Bxc6 bxc6 31. f4 exf4 32. gxf4 Ne6 33. e3 Rf5 34.
Qf2 dxe3 35. Qxe3 Rxf4 36. Rxf4 Nxf4 37. Rb3 Qd6 38. Kh1 Qd7 39. Nc3 Qxd3 40.
Qxd3 Nxd3 41. Ne4 Ne5 42. Nd6 Ra4 43. c5 Kg6 44. Re3 f6 45. Kg2 Ra5 46. Rc3 f5
47. Nb7 Ra4 48. Re3 Kf6 49. Nd6 f4 50. Rb3 Ke6 51. Rb8 Kd5 52. Rh8 Rxa3 53.
Rxh6 f3+ 54. Kg1 Ra1+ 55. Kf2 Ra2+ 56. Kg1 Nd3 57. Nf5 Ra1+ 58. Kh2 f2 59. Ne3+
Ke4 60. Re6+ Kf3 0-1

[Event "Tradewise Gibraltar Masters 16th"]
[Site "Gibraltar"]
[Date "2018.01.29"]
[Round "7.88"]
[White "Lopez Mulet, Inigo"]
[Black "Weisbuch, Udi"]
[Result "1-0"]
[WhiteElo "2318"]
[BlackElo "2177"]
[PlyCount "79"]
[EventDate "2018.01.23"]
[EventType "swiss"]
[EventRounds "10"]
[EventCountry "GGB"]
[SourceTitle "BritBase"]
[Source "www.saund.co.uk"]
[SourceDate "2018.02.10"]
[SourceVersion "1"]
[SourceVersionDate "2018.02.10"]
[SourceQuality "1"]

1. d4 Nf6 2. c4 g6 3. f3 Bg7 4. e4 d6 5. Nc3 O-O 6. Be3 c6 7. Qd2 a6 8. c5 b6
9. cxb6 Nbd7 10. Bd3 a5 11. Nge2 Nxb6 12. g4 Ba6 13. Bxa6 Rxa6 14. Qd3 Ra8 15.
h4 Qc8 16. b3 Nbd7 17. Rc1 c5 18. h5 Qb8 19. Qd2 cxd4 20. Nxd4 Rc8 21. hxg6
fxg6 22. Ne6 Ne5 23. Kf2 Bh8 24. Nd5 Rxc1 25. Rxc1 Nfd7 26. Rc8+ Qxc8 27. Nxe7+
Kf7 28. Nxc8 Rxc8 29. Qxd6 Rc2+ 30. Kg3 Bf6 31. Qd5 Rc3 32. Nc5+ Ke7 33. Qe6+
Kd8 34. Nxd7 Nxd7 35. Bb6+ Kc8 36. Qe8+ Kb7 37. Qxd7+ Kxb6 38. Qd6+ Rc6 39.
Qb8+ Ka6 40. a4 1-0

[Event "Tradewise Gibraltar Masters 16th"]
[Site "Gibraltar"]
[Date "2018.01.29"]
[Round "7.89"]
[White "Goriatchkin, Jouri"]
[Black "Bopp, Thomas"]
[Result "1-0"]
[WhiteElo "2310"]
[BlackElo "2154"]
[PlyCount "115"]
[EventDate "2018.01.23"]
[EventType "swiss"]
[EventRounds "10"]
[EventCountry "GGB"]
[SourceTitle "BritBase"]
[Source "www.saund.co.uk"]
[SourceDate "2018.02.10"]
[SourceVersion "1"]
[SourceVersionDate "2018.02.10"]
[SourceQuality "1"]

1. d4 d5 2. c4 e6 3. Nf3 Nf6 4. g3 Bb4+ 5. Bd2 Be7 6. Bg2 O-O 7. Qc2 c6 8. O-O
Nbd7 9. Rd1 b6 10. Ne5 Nxe5 11. dxe5 Nd7 12. cxd5 cxd5 13. e4 d4 14. f4 a5 15.
Be1 Ba6 16. Bf2 Rc8 17. Qd2 d3 18. Nc3 Bc5 19. Rac1 Bxf2+ 20. Qxf2 Nc5 21. Qe3
Qd7 22. b3 Rfd8 23. Nb1 Qb5 24. Nd2 Qb4 25. f5 Qd4 26. Qxd4 Rxd4 27. Kf2 Rcd8
28. Ke3 a4 29. Rc3 Rb4 30. g4 h6 31. Bf3 axb3 32. axb3 Rdd4 33. Rdc1 Rd8 34.
Ra1 Bb7 35. Rc4 Rb5 36. Ra7 Rb8 37. Bd1 Na6 38. Rd4 Rxe5 39. b4 exf5 40. gxf5
Re7 41. Bb3 Kf8 42. Ba2 Nc7 43. Bc4 Bc6 44. Ra1 b5 45. Bxd3 Nd5+ 46. Kf3 Nf6
47. Rd6 Nd7 48. Kf4 Ne5 49. Bc2 g5+ 50. Kg3 h5 51. Nf3 Nxf3 52. Kxf3 Rc8 53.
Bd3 Be8 54. Rh6 Kg7 55. Rd6 Rd7 56. e5 Rc3 57. Ke2 Rxd3 58. Kxd3 1-0

[Event "Tradewise Gibraltar Masters 16th"]
[Site "Gibraltar"]
[Date "2018.01.29"]
[Round "7.90"]
[White "Bliumberg, Vladislav"]
[Black "Herzwurm, Robert"]
[Result "1-0"]
[WhiteElo "2276"]
[BlackElo "2123"]
[PlyCount "51"]
[EventDate "2018.01.23"]
[EventType "swiss"]
[EventRounds "10"]
[EventCountry "GGB"]
[SourceTitle "BritBase"]
[Source "www.saund.co.uk"]
[SourceDate "2018.02.10"]
[SourceVersion "1"]
[SourceVersionDate "2018.02.10"]
[SourceQuality "1"]

1. d4 d5 2. Bf4 Nc6 3. e3 Bf5 4. Nf3 e6 5. Bd3 Bxd3 6. cxd3 Bd6 7. Bg3 Qd7 8.
Nc3 Nge7 9. Qb3 O-O 10. O-O f5 11. Qxb7 Rab8 12. Qa6 f4 13. Bxf4 Bxf4 14. exf4
Rxf4 15. Ne5 Nxe5 16. dxe5 Ng6 17. Qxa7 Rxb2 18. d4 h6 19. Rac1 Rf7 20. g3 Qe7
21. Qa6 Qg5 22. Qxe6 Nf4 23. h4 Nxe6 24. hxg5 Nxd4 25. g6 Rf3 26. Nxd5 1-0

[Event "Tradewise Gibraltar Masters 16th"]
[Site "Gibraltar"]
[Date "2018.01.29"]
[Round "7.91"]
[White "Antova, Gabriela"]
[Black "Stewart, Ashley"]
[Result "1-0"]
[WhiteElo "2260"]
[BlackElo "2120"]
[PlyCount "95"]
[EventDate "2018.01.23"]
[EventType "swiss"]
[EventRounds "10"]
[EventCountry "GGB"]
[SourceTitle "BritBase"]
[Source "www.saund.co.uk"]
[SourceDate "2018.02.10"]
[SourceVersion "1"]
[SourceVersionDate "2018.02.10"]
[SourceQuality "1"]

1. d4 Nf6 2. c4 g6 3. Nf3 Bg7 4. g3 O-O 5. Bg2 d6 6. O-O a6 7. Nc3 Nc6 8. h3
Bd7 9. e4 e5 10. dxe5 Nxe5 11. Nxe5 dxe5 12. Be3 c6 13. c5 Qe7 14. Na4 Be6 15.
Qe2 Nd7 16. Rfd1 f5 17. exf5 gxf5 18. Rd6 Rae8 19. Rad1 f4 20. Bc1 Qf7 21. Qd2
f3 22. Bf1 Nf6 23. Nc3 h6 24. Qd3 Qh5 25. Rxe6 Rxe6 26. Qc4 Rfe8 27. Qb3 Kh8
28. Qxb7 Qf5 29. Qxa6 e4 30. Be3 Nd5 31. Nxd5 cxd5 32. Qb7 d4 33. Rxd4 Rg6 34.
Rd7 h5 35. h4 Qe5 36. Bd4 Rxg3+ 37. Kh1 Qxd4 38. Rxd4 Rg4 39. Bh3 Rxh4 40. Qd7
Rg8 41. Rd6 e3 42. fxe3 Bf8 43. Rd4 Rgg4 44. Rxg4 Rxh3+ 45. Kg1 f2+ 46. Kxf2
hxg4 47. c6 Rf3+ 48. Ke2 1-0

[Event "Tradewise Gibraltar Masters 16th"]
[Site "Gibraltar"]
[Date "2018.01.29"]
[Round "7.92"]
[White "Hapala, Elisabeth"]
[Black "Meszaros, Andras"]
[Result "1/2-1/2"]
[WhiteElo "2097"]
[BlackElo "2258"]
[PlyCount "183"]
[EventDate "2018.01.23"]
[EventType "swiss"]
[EventRounds "10"]
[EventCountry "GGB"]
[SourceTitle "BritBase"]
[Source "www.saund.co.uk"]
[SourceDate "2018.02.10"]
[SourceVersion "1"]
[SourceVersionDate "2018.02.10"]
[SourceQuality "1"]

1. e4 Nf6 2. e5 Nd5 3. d4 d6 4. c4 Nb6 5. exd6 cxd6 6. Nc3 g6 7. Be3 Bg7 8. Rc1
O-O 9. b3 Bf5 10. Be2 d5 11. c5 Nc8 12. Nf3 Nc6 13. O-O e6 14. Qd2 Bg4 15. Ne1
Bxe2 16. Nxe2 N8e7 17. Bh6 Bxh6 18. Qxh6 Nf5 19. Qd2 Qf6 20. Nf3 Rfd8 21. Rfd1
Rac8 22. b4 e5 23. dxe5 Nxe5 24. Nxe5 Qxe5 25. Nf4 d4 26. Re1 Qf6 27. Nd3 Qc6
28. Qf4 Re8 29. h3 Qd5 30. a3 Qb3 31. Ne5 Qd5 32. Ng4 Kg7 33. Re5 Rxe5 34.
Qxe5+ Qxe5 35. Nxe5 Re8 36. Nd3 Re2 37. g4 Rd2 38. Ne5 Ne7 39. Kg2 Nd5 40. b5
Re2 41. Nd3 Ra2 42. Nb4 Nxb4 43. axb4 d3 44. c6 d2 45. Rd1 bxc6 46. bxc6 Rc2
47. b5 Kf6 48. Kf3 Rb2 49. Ke2 Rxb5 50. Rxd2 Rc5 51. Ra2 Rxc6 52. Rxa7 Rc3 53.
f3 Rc2+ 54. Ke3 Rh2 55. Kf4 Rxh3 56. g5+ Kg7 57. Kg4 Rh1 58. Rb7 Rg1+ 59. Kf4
Rg2 60. Re7 Rh2 61. Kg3 Rh5 62. Kg4 h6 63. gxh6+ Rxh6 64. Kg5 Rh1 65. Kg4 Rg1+
66. Kf4 Rb1 67. Kg5 Rg1+ 68. Kf4 g5+ 69. Kf5 Rg3 70. Rb7 Rxf3+ 71. Kxg5 Re3 72.
Rb6 Ra3 73. Kf4 f6 74. Rc6 Kg6 75. Rb6 Ra4+ 76. Kf3 Kg5 77. Rb5+ f5 78. Rb8
Ra3+ 79. Kf2 Kg4 80. Rf8 Ra2+ 81. Ke3 Ra7 82. Kf2 Kf4 83. Kg2 Ra2+ 84. Kh3 Re2
85. Rf7 Re8 86. Kg2 Rg8+ 87. Kf2 Re8 88. Kg2 Rb8 89. Ra7 Rb2+ 90. Kf1 Kg4 91.
Ra4+ f4 92. Ra3 1/2-1/2

[Event "Tradewise Gibraltar Masters 16th"]
[Site "Gibraltar"]
[Date "2018.01.29"]
[Round "7.93"]
[White "Tejaswini, Sagar"]
[Black "Lercel, Michal"]
[Result "1/2-1/2"]
[WhiteElo "2081"]
[BlackElo "2252"]
[PlyCount "122"]
[EventDate "2018.01.23"]
[EventType "swiss"]
[EventRounds "10"]
[EventCountry "GGB"]
[SourceTitle "BritBase"]
[Source "www.saund.co.uk"]
[SourceDate "2018.02.10"]
[SourceVersion "1"]
[SourceVersionDate "2018.02.10"]
[SourceQuality "1"]

1. e4 g6 2. d4 Bg7 3. Nc3 c6 4. Be3 d5 5. e5 Qb6 6. Rb1 Nh6 7. f4 f6 8. Nf3 Bg4
9. Be2 Bxf3 10. Bxf3 fxe5 11. fxe5 Nf5 12. Bf2 Bh6 13. Qd3 Na6 14. a3 O-O 15.
O-O Nc7 16. Ne2 Ne6 17. h4 Nf4 18. Nxf4 Bxf4 19. g4 Ng7 20. g5 Rf7 21. Bg4 e6
22. Kg2 Raf8 23. Bg1 c5 24. c3 cxd4 25. cxd4 Qc7 26. Rf3 Bc1 27. Qd1 Bf4 28.
Qe2 Nf5 29. Bxf5 Rxf5 30. Rbf1 Qb6 31. Kh3 a5 32. b3 Qc7 33. Be3 Bxe3 34. Qxe3
Qc2 35. Kg3 Rxf3+ 36. Rxf3 Rxf3+ 37. Kxf3 Qh2 38. Qf4 Qh3+ 39. Qg3 Qf1+ 40. Qf2
Qd1+ 41. Kg2 Qxb3 42. Qf6 Qc2+ 43. Kg3 Qd3+ 44. Kh2 Qe2+ 45. Kg3 Qe1+ 46. Kg2
Qe4+ 47. Kg3 Qd3+ 48. Kf2 Qc2+ 49. Kg3 Qc3+ 50. Kg2 Qb2+ 51. Kh1 Qc1+ 52. Kg2
Qc8 53. Qe7 a4 54. Kg3 Qc3+ 55. Kg2 Qc2+ 56. Kg3 Qb3+ 57. Kg2 Qc2+ 58. Kg3 Qc3+
59. Kg2 Qd2+ 60. Kg3 Qe1+ 61. Kg2 Qe2+ 1/2-1/2